Hades - Aspects - Statistics

General Stats
  • This quiz has been taken 15 times
  • The average score is 12 of 24
Answer Stats
Ability Answer % Correct
After landing 12 strikes, your next Special hits more times. Aspect of Demeter
83%
Your Spin Attack becomes Punishing Sweep. Aspect of Hades
83%
Your Cast loads itself into your Next Attack, firing on impact. Aspect of Hera
83%
After you manually Reload, your next shot is empowered. Aspect of Hestia
83%
Your Special dislodges Cast from foes. Aspect of Poseidon
83%
You Have Holy Excalibur, and +50 added to your life total. Aspect of Arthur
75%
Your Special becomes Blitz Disc. Aspect of Zeus
75%
After your Special, you can retrieve your Spear with Raging Rush. Aspect of Achilles
67%
After you Bull Rush, your next Special throws multiple shields. Aspect of Chaos
67%
For 3 Sec. after you Special, your Attack may deal Critical damage. Aspect of Nemesis
67%
For 8 Sec. after absorbing your Special's blast, deal more damage. Aspect of Eris
58%
You have the Claws of Endiku, whose Dash-Upper can Maim foes. Aspect of Gilgamesh
58%
You have Igneus Eden, which launches volatile Hellfire. Aspect of Lucifer
58%
You have Naegling's Board but take +10% damage. Aspect of Beowulf
42%
You have the Frost Fair Blade, but your life and healing are reduced. Aspect of Guan-Yu
42%
Your Special automatically seeks the foe last struck by your Attack. Aspect of Chiron
33%
The Twin Fists Malphon
33%
The Stygian Blade Stygius
33%
Your Special becomes Magnetic Cutter; its pull deals 20 damage. Aspect of Talos
25%
The Shield of Chaos Aegis
17%
You have Celestial Sharanga, which can cause Shared Suffering Aspect of Rama
17%
The Heart-Seeking Bow Coronacht
17%
The Adamant Rail Exagryph
8%
The Eternal Spear Veratha
8%
No matching quizzes found
Score Distribution
Percent of People with Each Score
Percentile by Number Answered
Your Score History
You have not taken this quiz